| LEADER | 00824nam a2200181 4500 | ||
|---|---|---|---|
| 082 | |a 540 |b NG527V | ||
| 100 | |a Nguyễn Văn Thoại | ||
| 245 | |a Chuyên đề bồi dưỡng Hóa học 11 |c Nguyễn Văn Thoại, Nguyễn Hữu Thực | ||
| 260 | |a H. |b Đại học Quốc gia |c 2007 | ||
| 300 | |a 183 tr |c 24 cm | ||
| 520 | |a v.v... | ||
| 653 | |a Hóa học | ||
| 653 | |a Lớp 11 | ||
| 653 | |a Chuyên đề | ||
| 942 | |2 ddc |c STK0 | ||
| 999 | |c 7547 |d 7547 | ||
| 952 | |0 0 |1 0 |2 ddc |4 0 |6 540_000000000000000_NG527V |7 0 |8 500 |9 68051 |a qbu |b qbu |c D3 |d 2015-02-20 |g 23000 |o 540 NG527V |p 7026.c1 |r 0000-00-00 |w 2015-02-20 |y STK0 |0 0 |6 540_000000000000000_NG527V | ||
| 952 | |0 0 |1 0 |2 ddc |4 0 |6 540_000000000000000_NG527V |7 0 |8 500 |9 68052 |a qbu |b qbu |c D3 |d 2015-02-20 |g 23000 |l 1 |o 540 NG527V |p 7026.c2 |r 2015-11-06 |s 2015-10-30 |w 2015-02-20 |y STK0 |0 0 |6 540_000000000000000_NG527V | ||